[Event "Open A"]
[Site "Krakow POL"]
[Date "2005.01.03"]
[Round "8"]
[White "Czarnota,D"]
[Black "Sikorska,A"]
[Result "1-0"]
[WhiteElo "2196"]
[BlackElo "2102"]

1.e4 c5 2.Nf3 d6 3.d4 cxd4 4.Nxd4 Nf6 5.Nc3 a6 6.Be3 e6 7.Be2 Nc6 8.a4 Be7
9.O-O O-O 10.f4 Qc7 11.Kh1 Bd7 12.Bd3 Rac8 13.Qf3 Na5 14.Rae1 Nc4 15.Bc1 Qb6
16.Nb3 g6 17.Qh3 Rfe8 18.f5 Ne5 19.a5 Qd8 20.Be3 Bf8 21.Nd4 exf5 22.exf5 Qxa5
23.Qh4 Nxd3 24.fxg6 hxg6 25.Qxf6 Nxe1 26.Qxf7+ Kh8 27.Nb3 Qe5 28.Bd4 Bc6
29.Kg1 Nxc2 30.Bxe5+ Rxe5 31.Qxg6  1-0

[Event "ch-FENACH"]
[Site "Santiago CHI"]
[Date "2005.01.08"]
[Round "10"]
[White "Lopez Silva,H"]
[Black "Maturana,I"]
[Result "1-0"]
[WhiteElo "2386"]
[BlackElo "2142"]

1.e4 c5 2.Nf3 d6 3.d4 cxd4 4.Nxd4 Nf6 5.Nc3 a6 6.Be3 e6 7.f3 b5 8.Qd2 Qc7
9.O-O-O Bb7 10.Bxb5+ axb5 11.Ndxb5 Qd7 12.Nxd6+ Bxd6 13.Qxd6 Qxd6 14.Rxd6 Nfd7
15.Rhd1 Ke7 16.b3 Rc8 17.Kb2 Ra6 18.R6d2 f6 19.Nb5 Bc6 20.Nd4 g5 21.c4 Ne5
22.Nxc6+ Nbxc6 23.Bc5+ Kf7 24.Bd6 Rca8 25.a3 Rb6 26.Kc3 h5 27.Ra2 h4 28.b4 h3
29.gxh3 Nxf3 30.b5 Nce5 31.Kb4 Rb7 32.a4 Nc6+ 33.Kc3 Na5 34.Rf1 Rc8 35.c5 Ne5
36.Bxe5 Rxc5+ 37.Kb4 Rxe5 38.Kxa5 Rexb5+ 39.axb5 Ra7+ 40.Kb6 Rxa2 41.Rc1 Ke7
42.Kc7 Re2 43.b6 Rxe4 44.b7 Rb4 45.b8=Q Rxb8 46.Kxb8 Kd6 47.Rd1+ Ke5 48.Kc7 f5
49.Rg1 Kf4 50.Kd6 e5 51.Rf1+ Ke4  1-0

[Event "XXX Open"]
[Site "Seville ESP"]
[Date "2005.01.10"]
[Round "4"]
[White "Korneev,O"]
[Black "Tissir,M"]
[Result "1/2-1/2"]
[WhiteElo "2583"]
[BlackElo "2394"]

1.e4 c5 2.Nf3 d6 3.d4 cxd4 4.Nxd4 Nf6 5.Nc3 a6 6.Be3 e6 7.f3 b5 8.Qd2 Bb7
9.O-O-O Nfd7 10.Bd3 Nb6 11.Qf2 N8d7 12.f4 b4 13.Nce2 Na4 14.Kb1 Nac5 15.Ng3 Qc7
16.f5 e5 17.Nb3 Nxd3 18.cxd3 a5 19.Rc1 Qd8 20.Nd2 Ra6 21.Nc4 d5 22.exd5 Bxd5
23.Ne4 Be7 24.g4 O-O 25.Rhg1 Qa8 26.Ncd2 Rc6 27.Rxc6 Qxc6 28.Qe2 Rc8 29.Nb3 Bxb3
30.axb3 Qd5 31.Nd2 Bc5  1/2-1/2

[Event "XXX Open"]
[Site "Seville ESP"]
[Date "2005.01.11"]
[Round "5"]
[White "Rizouk,A"]
[Black "Korneev,O"]
[Result "1/2-1/2"]
[WhiteElo "2465"]
[BlackElo "2583"]

1.e4 c5 2.Nf3 d6 3.d4 cxd4 4.Nxd4 Nf6 5.Nc3 a6 6.Be3 e5 7.Nb3 Be6 8.f3 Be7
9.Qd2 O-O 10.O-O-O Nbd7 11.g4 b5 12.Nd5 Bxd5 13.exd5 Nb6 14.Na5 Nfxd5 15.Nc6 Qc7
16.Nxe7+ Qxe7 17.Bxb6 Nxb6 18.Qxd6 Qg5+ 19.Qd2 Qf6 20.Qe3 Rac8 21.Bd3 Nc4
22.Qe4 Qg5+ 23.Kb1 g6 24.Qe2 Qf6 25.Be4 Rfd8 26.Rhe1 Rxd1+ 27.Rxd1 Rd8 28.b3 Rxd1+
29.Qxd1 Qd6 30.Qd5 Nd2+ 31.Kc1 Nxe4 32.fxe4 Qxd5 33.exd5 b4 34.c4 bxc3 35.b4 f5
36.gxf5 gxf5 37.Kc2 Kf7 38.a4 f4 39.Kxc3 Ke7 40.b5 axb5 41.axb5 Kd6 42.b6 f3
43.Kd3 e4+ 44.Ke3 Kd7 45.h4 h5 46.Kf2  1/2-1/2

[Event "XXX Open"]
[Site "Seville ESP"]
[Date "2005.01.13"]
[Round "7"]
[White "Teran Alvarez,I"]
[Black "Korneev,O"]
[Result "0-1"]
[WhiteElo "2431"]
[BlackElo "2583"]

1.e4 c5 2.Nf3 d6 3.d4 cxd4 4.Nxd4 Nf6 5.Nc3 a6 6.Be3 e6 7.f3 b5 8.g4 Nfd7
9.Qd2 Nb6 10.Bd3 Bb7 11.Qf2 N8d7 12.O-O-O Rc8 13.Nce2 Qc7 14.Kb1 d5 15.Ng3 Nc4
16.Bc1 Bc5 17.f4 O-O 18.e5 f6 19.Nge2 fxe5 20.Qh4 exd4 21.Bxh7+ Kf7 22.f5 Nf6
23.fxe6+ Ke8 24.Bg6+ Kd8 25.g5 Ng8 26.Rhf1 Qe7  0-1

[Event "Extraliga CZE 2004-5"]
[Site "Czech Rep CZE"]
[Date "2005.01.15"]
[Round "5"]
[White "Laznicka,V"]
[Black "Czebe,A"]
[Result "1/2-1/2"]
[WhiteElo "2471"]
[BlackElo "2477"]

1.e4 c5 2.Nf3 d6 3.d4 Nf6 4.Nc3 cxd4 5.Nxd4 a6 6.Be3 Ng4 7.Bc1 Nc6 8.Be2 Qb6
9.Bxg4 Qxd4 10.O-O Qxd1 11.Bxd1 b5 12.a4 b4 13.Nd5 Rb8 14.a5 e6 15.Nb6 Be7
16.Ra4 Bd8 17.Be3 Nxa5 18.Nxc8 Rxc8 19.Rxb4 Nc4 20.Bc1 O-O 21.Be2 Ne5 22.c3 a5
23.Rb5 Ra8 24.Rd1 Bc7 25.f4 Nd7 26.Kf2 Rfb8 27.Kf3 Kf8 28.Be3 Ke7 29.Ra1 Rxb5
30.Bxb5 Rb8 31.c4 g6 32.Bd2 Nc5 33.Ra3 Rb7 34.Ke3 Ra7 35.Kf3 Bb6 36.g4 f6
37.h4 Kf7 38.h5 gxh5 39.gxh5 f5 40.exf5 exf5 41.Bc6 Kg7 42.Bc3+ Kh6 43.Ra1 Re7
44.Rd1 Ne4 45.Bd4 Bxd4 46.Rxd4 Kxh5 47.Bxe4 Rxe4 48.Rd5 Rxc4 49.Rxf5+ Kg6
50.Rxa5 Rb4 51.Rd5  1/2-1/2

[Event "TCh-SWE Elitserien 2004-5"]
[Site "Sweden SWE"]
[Date "2005.01.15"]
[Round "6"]
[White "Hermansson,E"]
[Black "Degerman,L"]
[Result "1-0"]
[WhiteElo "2415"]
[BlackElo "2492"]

1.e4 c5 2.Nf3 d6 3.d4 cxd4 4.Nxd4 Nf6 5.Nc3 a6 6.Be3 e6 7.f3 b5 8.g4 b4 9.Nce2 e5
10.Nb3 h6 11.Qd2 Nc6 12.c4 a5 13.a4 Be6 14.Ng3 g6 15.Bd3 h5 16.g5 Nd7 17.Qf2 Rc8
18.O-O Nc5 19.Nxc5 dxc5 20.Rad1 Nd4 21.f4 exf4 22.Qxf4 Qc7 23.Qf6 Rg8 24.Bxd4 Be7
25.Qxe7+ Kxe7 26.Bf6+ Kd7 27.e5 Kc6 28.Be4+ Kb6 29.Rd6+ Ka7 30.Rfd1 Rge8
31.b3 Re7 32.Rc6 Qb8 33.Bxe7 Rxc6 34.Bxc6 Qxe5 35.Ne4 Kb6 36.Ba8 Ka7 37.Rd8 Qa1+
38.Kf2 Qb2+ 39.Kg1 Qc1+ 40.Kg2 Qb2+ 41.Nd2 Qe5 42.Bf3 Bh3+ 43.Kxh3 Qxe7 44.Ra8+ Kb6
45.Rb8+ Ka6 46.Ne4  1-0

[Event "Open"]
[Site "Prague CZE"]
[Date "2005.01.21"]
[Round "9"]
[White "Vavra,P1"]
[Black "Sergeeva,M"]
[Result "1-0"]
[WhiteElo "2390"]
[BlackElo "2312"]

1.e4 c5 2.Nf3 d6 3.d4 cxd4 4.Nxd4 Nf6 5.Nc3 a6 6.Be3 e6 7.g4 e5 8.Nf5 h5
9.g5 Nxe4 10.Nxg7+ Bxg7 11.Nxe4 d5 12.Ng3 h4 13.Nh5 Kf8 14.Bc5+ Kg8 15.Nf6+ Bxf6
16.gxf6 Rh6 17.Rg1+ Rg6 18.Rxg6+ fxg6 19.Be7 Qd7 20.Qd2 Kh7 21.Qg5 Qg4 22.f7 Qxg5
23.f8=Q Qh6 24.Qxc8 Nc6 25.Qxa8 Nd4 26.Qf8 Qh5 27.Qf7+ Kh6 28.Bf8+ Kg5 29.f4+ exf4
30.Qxd5+  1-0

[Event "Zimski Winter Open"]
[Site "Belgrade SCG"]
[Date "2005.01.23"]
[Round "2"]
[White "Sarenac,D"]
[Black "Maksimovic,Mir"]
[Result "0-1"]
[WhiteElo "2074"]
[BlackElo "2185"]

1.e4 c5 2.Nf3 d6 3.d4 cxd4 4.Nxd4 Nf6 5.Nc3 a6 6.Be3 Ng4 7.Bg5 h6 8.Bh4 g5
9.Bg3 Bg7 10.Be2 h5 11.h4 gxh4 12.Rxh4 Nc6 13.Nb3 Bf6 14.Rh1 Be6 15.Qd2 Rc8
16.O-O-O h4 17.Bxg4 Bxg4 18.f3 hxg3 19.Rxh8+ Bxh8 20.fxg4 Nb4 21.Kb1 Qc7
22.Nd4 Qa5 23.a3 Nc6 24.Nb3 Bxc3 25.Qe3 Qe5 26.bxc3 e6 27.Rd3 Na5 28.Qxg3 Qxg3
29.Rxg3 Nc4 30.Ka2 Ke7 31.a4 Ne5 32.Ka3 Rg8 33.g5 Kd7 34.Kb4 f6 35.c4 Rxg5
36.Rxg5 fxg5 37.c5 Ng4 38.Ka5 Ne3 39.Kb6 Nxg2 40.Kxb7 dxc5 41.Nxc5+ Kd6 42.Nd3 Ne3
43.Kxa6 Nxc2 44.Kb7 g4 45.a5 g3 46.a6 g2 47.a7 g1=Q 48.e5+ Kd7 49.a8=Q Qb1+  0-1

[Event "Open"]
[Site "Geneva SUI"]
[Date "2005.01.23"]
[Round "2"]
[White "Papa,S"]
[Black "Kempinski,R"]
[Result "0-1"]
[WhiteElo "2456"]
[BlackElo "2624"]

1.e4 c5 2.Nf3 d6 3.d4 cxd4 4.Nxd4 Nf6 5.Nc3 a6 6.Be3 e5 7.Nb3 Be6 8.f3 Be7
9.Qd2 O-O 10.O-O-O Nbd7 11.g4 Qc7 12.Kb1 b5 13.g5 Nh5 14.Nd5 Bxd5 15.exd5 Nb6
16.Rg1 g6 17.Rg4 Rab8 18.h4 Rfc8 19.Na5 Nxd5 20.Qxd5 Qxa5 21.c4 Ng7 22.cxb5 axb5
23.f4 Nf5 24.Bf2 Qa4 25.b3 Qb4 26.Bd3 Ra8 27.Be4 Qa3 28.Qd2 d5 29.Bxd5 Rd8
30.Qe2 Rac8 31.Rgg1 exf4 32.Bb7 Rb8 33.Be4 Qb4 34.Rge1 Rxd1+ 35.Rxd1 Ne3  0-1

[Event "Open"]
[Site "Geneva SUI"]
[Date "2005.01.23"]
[Round "2"]
[White "Vuilleumier,A"]
[Black "Hanouna,D"]
[Result "1/2-1/2"]
[WhiteElo "2280"]
[BlackElo "2087"]

1.e4 c5 2.Nf3 d6 3.d4 cxd4 4.Nxd4 Nf6 5.Nc3 a6 6.Be3 e6 7.f3 b5 8.g4 h6 9.Qd2 Nbd7
10.O-O-O Bb7 11.h4 Nb6 12.Bd3 Nfd7 13.g5 hxg5 14.hxg5 Rxh1 15.Rxh1 Ne5 16.f4 Nbc4
17.Qe2 Nxd3+ 18.cxd3 Nxe3 19.Qxe3 b4 20.Na4 Qa5 21.b3 Bc6 22.Nxc6 Rc8 23.Kb1 Rxc6
24.f5 exf5 25.exf5+ Qe5 26.Qf2 Qd5 27.Re1+ Kd8 28.Qe3 Qe5 29.Qxe5 dxe5 30.Rxe5 Be7
31.Re4 Bxg5 32.Rg4 Bd2 33.Rxg7 Ke7 34.Rg2 Bf4 35.Rf2 Bg5 36.d4 Kf6 37.d5 Rc1+
38.Kb2 Rd1 39.Nc5 Be3 40.Nd7+ Ke7 41.Re2 Kxd7 42.Rxe3 Rd2+ 43.Kc1 Rxd5 44.f6 Kc6
45.Re7 Rd7 46.Re4 a5 47.Re5 Rd5  1/2-1/2

[Event "TCh-BEL 2004-5"]
[Site "Belgium BEL"]
[Date "2005.01.30"]
[Round "8"]
[White "Blees,A"]
[Black "Van Haastert,E"]
[Result "0-1"]
[WhiteElo "2392"]
[BlackElo "2411"]

1.e4 c5 2.Nf3 d6 3.d4 cxd4 4.Nxd4 Nf6 5.Nc3 a6 6.Be3 e5 7.Nb3 Be6 8.f3 Nbd7
9.Qd2 b5 10.O-O-O Rc8 11.g4 Nb6 12.g5 Nfd7 13.Kb1 Be7 14.h4 O-O 15.h5 f5
16.gxf6 Nxf6 17.Bxb6 Qxb6 18.Bh3 Bxh3 19.Rxh3 Kh8 20.Nc1 b4 21.N3e2 d5 22.Nd3 dxe4
23.Nxe5 Kg8 24.Rg1 e3 25.Qd3 Qe6 26.Qb3 Qxb3 27.axb3 Rc5 28.f4 Rfc8 29.c4 bxc3
30.bxc3 Nd5 31.c4 Nxf4 32.Rxe3 Nxh5 33.Nd7 Bf8 34.Nd4 R5c7 35.Nb6 Rb8 36.Nd5 Rxc4
37.Nf5 g6 38.Rh3 Nf4 39.Nfe7+ Bxe7 40.Nxe7+ Kg7 41.Rf3 Rcb4 42.Ka2 Rf8 43.Rd1 Re4
44.Nc6 h5 45.Rd6 h4 46.Nd4 h3  0-1

[Event "13th Fajr Open"]
[Site "Tehran IRI"]
[Date "2005.01.30"]
[Round "6"]
[White "Mamedov,Nid"]
[Black "Ghaem Maghami,E"]
[Result "1/2-1/2"]
[WhiteElo "2446"]
[BlackElo "2623"]

1.e4 c5 2.Nf3 d6 3.d4 cxd4 4.Nxd4 Nf6 5.Nc3 a6 6.Be3 e5 7.Nb3 Be7 8.f3 Be6
9.Qd2 O-O 10.O-O-O a5 11.a4 Nc6 12.g4 Nb4 13.g5 Nd7 14.h4 Rc8 15.Kb1 Nb6
16.Qf2 Nxa4 17.Nxa4 Rxc2 18.Qxc2 Nxc2 19.Kxc2 Qc7+ 20.Nc3 b5 21.Bxb5 Rb8
22.Ba4 Rb4 23.Ra1 d5 24.exd5 Bf5+ 25.Kd2 Qc4 26.Ke1 Rxa4 27.Rxa4 Qxb3 28.Rxa5 h5
29.gxh6 Qxb2 30.Ra8+ Kh7 31.hxg7 Kxg7 32.Bd2 Qb6 33.Re8 Qa7 34.h5 Bb4 35.Rxe5 Qa1+
36.Ke2 Qxh1 37.Rxf5 f6 38.Rf4 Ba5  1/2-1/2

[Event "FINEC WGM"]
[Site "St Petersburg RUS"]
[Date "2005.01.31"]
[Round "5"]
[White "Kirillova,V"]
[Black "Korbut,E"]
[Result "1/2-1/2"]
[WhiteElo "2266"]
[BlackElo "2417"]

1.e4 c5 2.Nf3 d6 3.d4 cxd4 4.Nxd4 Nf6 5.Nc3 a6 6.Be3 e6 7.f3 b5 8.Qd2 Nbd7
9.g4 Nb6 10.O-O-O Bb7 11.g5 Nfd7 12.h4 b4 13.Nb1 d5 14.h5 dxe4 15.Bh3 Nc5
16.g6 hxg6 17.hxg6 f5 18.Nxe6 Qxd2+ 19.Nxd2 Nxe6 20.Bxb6 Nf4 21.Bg2 Rxh1
22.Bxh1 exf3 23.Nxf3 Nxg6 24.Rg1 Ne7 25.Bc5 a5 26.Nd4 Bxh1 27.Rxh1 Kf7 28.Nf3 Nc6
29.Rh8 Rb8 30.Ng5+ Kg6 31.Bxf8 Kxg5 32.Bxg7 Rxh8 33.Bxh8 Kg4 34.Bg7 f4 35.Bf8 f3
36.Bc5 Kg3 37.Kd2 Kg2 38.c3 f2 39.Bxf2 Kxf2 40.cxb4 Nxb4 41.a3 Nc6 42.b4 axb4  1/2-1/2

[Event "13th Fajr Open"]
[Site "Tehran IRI"]
[Date "2005.01.31"]
[Round "8"]
[White "Petrosian,DG"]
[Black "Ghaem Maghami,E"]
[Result "1/2-1/2"]
[WhiteElo "2377"]
[BlackElo "2623"]

1.e4 c5 2.Nf3 d6 3.d4 cxd4 4.Nxd4 Nf6 5.Nc3 a6 6.Be3 e5 7.Nb3 Be7 8.f3 Be6
9.Qd2 O-O 10.O-O-O a5 11.Bb5 Nc6 12.Qe2 Qb8 13.Kb1 Rc8 14.Na4 Nd7 15.c4 b6
16.Nc3 Nc5 17.Bxc5 bxc5 18.Bxc6 Rxc6 19.Nd5 Bd8 20.Qc2 Qb7 21.Rhe1 Bg5 22.Ka1 a4
23.Nd2 Bxd2 24.Rxd2 Bxd5 25.Rxd5 Qe7 26.Red1 h5 27.g3 h4 28.Qf2 Rb8 29.Qd2 Rcb6
30.Rb1 Rb4 31.Rxd6 Rxc4 32.Rd7 Qf6 33.Qd6 Qxd6 34.Rxd6 Rc2 35.gxh4 Rxh2 36.Rd5 c4
37.Rxe5 a3 38.bxa3 Ra8 39.Rc5 Rxa3 40.Rb2 Rh1+ 41.Rb1 Rxh4 42.Rxc4 Rxf3 43.a4 Rh2
44.Rb2 Ra3+ 45.Kb1 Rh1+ 46.Kc2 f6 47.Rb7 Rh2+ 48.Kb1 Rg2 49.Rd4 Kh7 50.Rb2 Rg1+
51.Kc2 Kg6 52.Rdb4 Kg5 53.R2b3 Ra2+ 54.Kd3 Rga1 55.Ke3 Rxa4 56.Rxa4 Rxa4
57.Kf3 Ra5 58.Kg3 Rc5 59.Ra3 Kh5 60.Ra7 g5 61.Ra6 Kg6 62.Rb6 Rc3+ 63.Kf2 Kf7
64.Ra6 Ke7 65.Ke2 Kf7 66.Kf2 g4 67.Ke2 Rc2+ 68.Ke3 g3 69.Kf3 g2 70.Ra1 Ke6
71.Ra6+ Ke5 72.Ra5+ Kd4 73.Ra4+ Kd3 74.Ra3+ Kd4 75.Ra4+ Kc3 76.Ra1 Rd2 77.Rg1 Kd3
78.Ra1 Ra2 79.Rd1+ Rd2 80.Ra1 Kc4 81.Rg1 Kd4 82.Ra1 Rd3+ 83.Kxg2 Kxe4 84.Ra2 Kf4
85.Rf2+ Ke5 86.Re2+ Kf5 87.Ra2 Kg4 88.Ra4+ Kg5 89.Kf2 Rb3 90.Rc4 Rh3 91.Ra4 Rd3
92.Rb4 Kf5 93.Ra4 Ke5 94.Rb4 Ke6 95.Ra4 Kd5 96.Rf4 Ke6 97.Rb4 Ke5 98.Ra4 Rd4
99.Rxd4 Kxd4 100.Kf3 Ke5 101.Ke3 f5  1/2-1/2

[Event "Zimski Winter Open"]
[Site "Belgrade SCG"]
[Date "2005.02.01"]
[Round "9"]
[White "Ristic,SB"]
[Black "Irizanin,R"]
[Result "0-1"]
[WhiteElo "2155"]
[BlackElo "2230"]

1.e4 c5 2.Nf3 d6 3.d4 cxd4 4.Nxd4 Nf6 5.Nc3 a6 6.Be3 e6 7.Qd2 b5 8.f3 Nbd7
9.Nb3 Bb7 10.O-O-O Qc7 11.Qf2 Rc8 12.Kb1 b4 13.Na4 Bxe4 14.fxe4 Ng4 15.Qd2 Nxe3
16.Bxa6 Ra8 17.Bb5 Nxd1 18.Rxd1 Be7 19.e5 d5 20.Re1 O-O 21.Qe2 Nb6  0-1

[Event "Oceania zt"]
[Site "Auckland NZL"]
[Date "2005.02.03"]
[Round "8"]
[White "Charles,Ga"]
[Black "Smith,Ro"]
[Result "0-1"]
[WhiteElo "2178"]
[BlackElo "2233"]

1.e4 c5 2.Nf3 d6 3.d4 cxd4 4.Nxd4 Nf6 5.Nc3 a6 6.Be3 e5 7.Nb3 Be6 8.f3 Nbd7
9.Qd2 Be7 10.g4 Nb6 11.g5 Nfd7 12.O-O-O Qc7 13.h4 Rc8 14.Rh2 O-O 15.Kb1 Rfd8
16.Nc1 Nc5 17.Nd5 Nxd5 18.exd5 Bf5 19.Bh3 Qd7 20.Qg2 Na4 21.Bxf5 Qxf5 22.Nd3 Re8
23.Rd2 Qd7 24.Nc1 Qb5 25.Nb3 Bd8 26.h5 Bb6 27.Bxb6 Nxb6 28.Qe2 Nc4 29.Rd1 a5
30.c3 a4 31.Nc1 Rc5 32.Qe4 Nb6 33.g6 fxg6 34.hxg6 h6 35.Qf5 Qd7 36.Qe4 Rf8
37.Rh4 Rc4 38.Qe1 Qf5+ 39.Ka1 Qxf3 40.Rxc4 Nxc4 41.b3 axb3 42.axb3 Ne3 43.Rd2 Ng2
44.Qe2 Qxc3+ 45.Kb1 Nf4 46.Qd1 Ra8 47.Na2 Qg3 48.Kb2 Qxg6 49.Nb4 Qf6 50.Nc2 e4+
51.Rd4 Nxd5 52.Kc1 Ne3 53.Qe2 Nxc2 54.Qc4+ Kh7 55.Kxc2 Qf2+ 56.Kc3 Qe1+ 57.Kb2 Qa1+  0-1

[Event "XII TCh-RUS 1st League"]
[Site "Smolensk RUS"]
[Date "2005.02.03"]
[Round "1"]
[White "Ivanov,Al3"]
[Black "Pimonenko,B"]
[Result "1-0"]
[WhiteElo "2350"]
[BlackElo "2339"]

1.e4 c5 2.Nf3 d6 3.d4 cxd4 4.Nxd4 Nf6 5.Nc3 a6 6.Be3 e5 7.Nb3 Be6 8.Qd2 Be7
9.f3 Nbd7 10.O-O-O b5 11.g4 Nb6 12.g5 Nfd7 13.Nd5 Nxd5 14.exd5 Bf5 15.Na5 Qc7
16.Nc6 Nb8 17.Nxe7 Qxe7 18.h4 Nd7 19.Bd3 Bxd3 20.Qxd3 O-O 21.Qf5 Rac8 22.h5 Nc5
23.f4 Qd7 24.Qh3 Qxh3 25.Rxh3 Nd7 26.fxe5 Nxe5 27.Bf4 Rfe8 28.Ra3 Ra8 29.Re3 Nc4
30.Rxe8+ Rxe8 31.b3 Ne5 32.Rd4 f6 33.gxf6 gxf6 34.a4 Rc8 35.axb5 axb5 36.Bxe5 fxe5
37.Rb4 Rc5 38.c4 Kf7 39.Kd2 bxc4 40.bxc4 Rc7 41.Kd3 Ra7 42.Rb6 Ke7 43.Rb8 Rd7
44.Ke4 Kf6 45.Re8 Kg7 46.c5 dxc5 47.Rxe5 Kf6 48.Rf5+ Ke7 49.Kd3 Kd6 50.Kc4 Rc7
51.Rf6+ Ke5 52.Re6+ Kf5 53.Rc6 Ra7 54.Kxc5 Ra5+ 55.Kd6 Kg5 56.Ke6 Ra1 57.Rc3 Re1+
58.Kf7 Kxh5 59.d6 Kg4 60.Rd3 Ra1 61.d7 Ra8 62.d8=Q Rxd8 63.Rxd8 h5 64.Kg6 h4
65.Rd4+  1-0

[Event "ch-POL u-20"]
[Site "Sroda Wlkp. POL"]
[Date "2005.02.06"]
[Round "9"]
[White "Gajewski,G"]
[Black "Czakon,J"]
[Result "0-1"]
[WhiteElo "2401"]
[BlackElo "2428"]

1.e4 c5 2.Nf3 d6 3.d4 cxd4 4.Nxd4 Nf6 5.Nc3 a6 6.Be3 e6 7.f3 Be7 8.Qd2 Nc6
9.O-O-O O-O 10.g4 Nxd4 11.Bxd4 b5 12.g5 Nd7 13.h4 Qc7 14.Kb1 b4 15.Ne2 Ne5
16.f4 Nc4 17.Qc1 a5 18.Ng3 Ba6 19.Bxc4 Bxc4 20.b3 Bb5 21.Qb2 f6 22.gxf6 gxf6
23.Rhg1 Kh8 24.e5 dxe5 25.fxe5 f5 26.Qc1 a4 27.Qh6 axb3 28.axb3 Bc5 29.Bxc5 Qxc5
30.Nxf5 Qxe5 31.Nd4 Bd7 32.Rg5 Qf6 33.Qxf6+ Rxf6 34.Nf3 Rxf3  0-1

[Event "5th It"]
[Site "Pulvermuehle GER"]
[Date "2005.02.07"]
[Round "5"]
[White "Bindrich,F"]
[Black "Balinov,I"]
[Result "1/2-1/2"]
[WhiteElo "2326"]
[BlackElo "2372"]

1.e4 c5 2.Nf3 d6 3.d4 cxd4 4.Nxd4 Nf6 5.Nc3 a6 6.Be3 e6 7.Be2 Nc6 8.f4 Be7
9.O-O O-O 10.Qe1 Nxd4 11.Bxd4 b5 12.a3 Bb7 13.Qg3 g6 14.Bf3 a5 15.b4 Rc8
16.Qf2 Rc4 17.Rad1 axb4 18.axb4 Qc8 19.Bxf6 Bxf6 20.Nxb5 Rxc2 21.Qe3 Ba6
22.Nxd6 Qb8 23.b5 Bxb5 24.Nxb5 Qxb5 25.Kh1 Rfc8 26.Qd3 Qa5 27.Rb1 Bb2 28.Rbd1 Bc1
29.f5 R2c3 30.Qb1 Bg5 31.fxe6 fxe6 32.Bg4 Qe5 33.Qb6 R3c6 34.Qf2 R6c7 35.Qb6 Rc6
36.Qf2  1/2-1/2

[Event "XII TCh-RUS 1st League"]
[Site "Smolensk RUS"]
[Date "2005.02.09"]
[Round "8"]
[White "Danin,A"]
[Black "Benza,A"]
[Result "1-0"]
[WhiteElo "2413"]
[BlackElo "2130"]

1.e4 c5 2.Nf3 d6 3.d4 cxd4 4.Nxd4 Nf6 5.Nc3 a6 6.Be3 e5 7.Nb3 Be6 8.f3 Be7
9.Qd2 Nbd7 10.O-O-O Qc7 11.g4 Rc8 12.Qf2 b5 13.g5 Nh5 14.Nd5 Bxd5 15.Rxd5 Nf4
16.Bxf4 exf4 17.Bh3 O-O 18.Bxd7 Qxd7 19.Rhd1 Rc4 20.e5 Bxg5 21.exd6 Bf6 22.Nc5 Qc6
23.Ne4 Bd8 24.d7 f5 25.Nd6 Bb6 26.Qe2 Be3+ 27.Kb1 Rb4 28.Ne8 Bb6 29.b3 Qc3
30.Qe6+ Kh8 31.Qxb6  1-0

[Event "Aeroflot Open B"]
[Site "Moscow RUS"]
[Date "2005.02.16"]
[Round "2"]
[White "Iljin,A"]
[Black "Khismatullin,D"]
[Result "0-1"]
[WhiteElo "2482"]
[BlackElo "2548"]

1.e4 c5 2.Nf3 d6 3.d4 cxd4 4.Nxd4 Nf6 5.Nc3 a6 6.Be3 e5 7.Nb3 Be6 8.f3 Be7
9.Qd2 Nbd7 10.g4 Nb6 11.O-O-O O-O 12.h4 a5 13.Qf2 Nfd7 14.Kb1 a4 15.Nc1 Rc8
16.Qd2 a3 17.b3 Nc5 18.N1e2 Na6 19.Nd5 Nxd5 20.exd5 Bd7 21.Ng3 Qc7 22.Bd3 Nc5
23.Bf5 Rfe8 24.Bxc5 Bxf5 25.gxf5 Qxc5 26.Ne4 Qc7 27.Rdg1 Kh8 28.Rh2 Rg8 29.Qd3 Qd7
30.Rg4 h6 31.Ng3 e4 32.Rxe4 Bf6 33.c4 b5 34.Rc2 Qa7 35.Nh5 bxc4 36.Rexc4 Rxc4
37.Rxc4 Bb2 38.Qd1 Qd7 39.Ng3 Re8 40.Re4 Rc8 41.Rc4 Rxc4 42.bxc4 Be5 43.Ne4 Qxf5
44.Kc2 Qf4 45.Qd3 Qxh4 46.c5 Qh2+ 47.Nd2 dxc5 48.Kb3 Bd4 49.Nc4 Qb8+ 50.Kc2 Qb5
51.d6 h5 52.f4 h4 53.Ne5 Qb2+ 54.Kd1 Qa1+ 55.Ke2 Qxa2+ 56.Kf3 h3 57.Ke4 Qg2+
58.Kf5 Bxe5 59.Kxe5 a2  0-1

[Event "Aeroflot Open B"]
[Site "Moscow RUS"]
[Date "2005.02.18"]
[Round "4"]
[White "Smeets,J"]
[Black "Khismatullin,D"]
[Result "0-1"]
[WhiteElo "2475"]
[BlackElo "2548"]

1.e4 c5 2.Nf3 d6 3.d4 cxd4 4.Nxd4 Nf6 5.Nc3 a6 6.Be3 e6 7.f3 b5 8.g4 h6 9.Qd2 b4
10.Nce2 e5 11.Nf5 d5 12.O-O-O Be6 13.Kb1 Nc6 14.exd5 Nxd5 15.Bg2 Qa5 16.Nc1 Nc3+
17.bxc3 bxc3 18.Nb3 cxd2 19.Nxa5 Nxa5 20.Bxd2 Nc4 21.f4 Rc8 22.Bc1 g6 23.Ne3 Na3+
24.Ka1 exf4 25.Nd5 Bg7+ 26.Bb2 Nxc2+ 27.Kb1 Rb8  0-1

[Event "Open"]
[Site "Portsmouth ENG"]
[Date "2005.02.18"]
[Round "1"]
[White "Radovanovic,J"]
[Black "Mansson,J"]
[Result "1-0"]
[WhiteElo "2329"]
[BlackElo "2093"]

1.e4 c5 2.Nf3 d6 3.d4 cxd4 4.Nxd4 Nf6 5.Nc3 a6 6.Be3 e5 7.Nb3 Be6 8.f4 exf4
9.Bxf4 Nc6 10.Qe2 Be7 11.h3 O-O 12.O-O-O Qc7 13.Kb1 Ne5 14.Nd4 Bc4 15.Qe1 Rfc8
16.Nf5 Bf8 17.Bg5 Ne8 18.Rd4 Be6 19.Qd1 Qa5 20.Nd5 Bxd5 21.exd5 f6 22.Bc1 g6
23.Ne3 b5 24.h4 Bg7 25.g4 Rab8 26.h5 Nc7 27.hxg6 hxg6 28.Ng2 b4 29.Rh3 Nb5
30.Bxb5 axb5 31.Nf4 Ra8 32.a3 Rc4 33.Ne6 Qa7 34.Rxc4 Nxc4 35.Nxg7 bxa3 36.bxa3 Kxg7
37.Qh1  1-0

[Event "Aeroflot Open B"]
[Site "Moscow RUS"]
[Date "2005.02.22"]
[Round "8"]
[White "Yegiazarian,A"]
[Black "Khismatullin,D"]
[Result "1-0"]
[WhiteElo "2510"]
[BlackElo "2548"]

1.e4 c5 2.Nf3 d6 3.d4 cxd4 4.Nxd4 Nf6 5.Nc3 a6 6.Be3 e5 7.Nb3 Be6 8.f3 Nbd7
9.g4 Nb6 10.g5 Nh5 11.Qd2 Be7 12.O-O-O O-O 13.Rg1 Rc8 14.Kb1 Qc7 15.Qf2 Bd8
16.h4 g6 17.Rg2 Nc4 18.Bxc4 Bxc4 19.Qd2 Be7 20.Na4 b5 21.Nb6 Rb8 22.Nd5 Bxd5
23.Qxd5 Kh8 24.Rf2 Rbc8 25.Rd3 f6 26.Rc3 Qd8 27.Rxc8 Qxc8 28.Nc1 fxg5 29.hxg5 Nf4
30.Qd2 Qh3 31.a3 Qh4 32.Qa5 Nh3 33.Rf1 Nxg5 34.Bxg5 Qxg5 35.Qxa6 Qg2 36.Qxb5 g5
37.Re1 Qxf3 38.Qd7 Bf6 39.Qxd6 Bg7 40.Nd3 g4 41.Qe6 g3 42.Nxe5 Qh5 43.Nd7 g2
44.Nxf8 Qh1 45.Qe8 Qxe1+ 46.Ka2 h5 47.Nd7+ Kh7 48.Qxh5+ Kg8 49.Nf6+ Bxf6
50.Qg6+ Bg7 51.Qxg2 Qd1 52.Qf2 Qd8 53.Qf5 Qc7 54.Qd5+ Kf8 55.c3 Be5 56.a4 Bf4
57.a5 Ke7 58.Kb3 Be5 59.Ka4 Bf4 60.a6 Kf8  1-0

[Event "Aeroflot Open B"]
[Site "Moscow RUS"]
[Date "2005.02.23"]
[Round "9"]
[White "Goloshchapov,A"]
[Black "Moradiabadi,E"]
[Result "0-1"]
[WhiteElo "2547"]
[BlackElo "2439"]

1.e4 c5 2.Nf3 d6 3.d4 cxd4 4.Nxd4 Nf6 5.Nc3 a6 6.Be3 e5 7.Nb3 Be6 8.f3 h5
9.Nd5 Bxd5 10.exd5 Nbd7 11.Qd2 g6 12.Na5 Qc7 13.Be2 Bg7 14.O-O O-O 15.c4 b6
16.Nc6 Nb8 17.Nb4 a5 18.Nc2 Na6 19.Na3 Rfb8 20.Nb5 Qe7 21.Rab1 h4 22.Bg5 h3
23.g3 Nc7 24.Nc3 Qd7 25.Kh1 Rb7 26.Be3 Qe7 27.Rfe1 e4 28.Bf1 exf3 29.Bxb6 Qd7
30.Bd4 Nce8 31.Nd1 Qf5 32.Nf2 Ng4 33.Nxh3 Bxd4 34.Qxd4 Nef6 35.Qd3 Qxd3 36.Bxd3 Kg7
37.b3 Rh8 38.Bf1 Rxh3 39.Bxh3 Nf2+ 40.Kg1 Nxh3+ 41.Kf1 Ng4 42.Rb2 f2  0-1

[Event "12th Metalis Open"]
[Site "Bizovac CRO"]
[Date "2005.02.25"]
[Round "3"]
[White "Sulc,D"]
[Black "Brkic,A"]
[Result "0-1"]
[WhiteElo "2310"]
[BlackElo "2458"]

1.e4 c5 2.Nf3 d6 3.d4 cxd4 4.Nxd4 Nf6 5.Nc3 a6 6.Be3 e5 7.Nb3 Be6 8.f3 Be7
9.Qd2 O-O 10.O-O-O Nbd7 11.Nd5 Bxd5 12.exd5 Qc7 13.Kb1 b5 14.g4 Nb6 15.Bxb6 Qxb6
16.h4 a5 17.h5 a4 18.Nc1 b4 19.g5 Nd7 20.Bh3 Nc5 21.Rhg1 b3 22.cxb3 axb3
23.a3 Ra4 24.Ne2 Rc4 25.Rc1 Rxc1+ 26.Rxc1 Qa6 27.Bf5 g6 28.Be4 Nxe4 29.fxe4 Bxg5
30.Qxg5 Qxe2 31.Qh4 Qd3+ 32.Ka1 Qd2 33.Kb1 Qd3+ 34.Ka1 Qe3 35.Kb1 g5 36.Qg4 f5
37.exf5 Qd3+ 38.Ka1 Qxf5 39.Qg3 Qf4 40.Qc3 g4 41.h6 Qxh6 42.Rg1 Qf4 43.Qxb3 h5
44.Rh1 Qf3  0-1

[Event "12th Metalis Open"]
[Site "Bizovac CRO"]
[Date "2005.02.25"]
[Round "4"]
[White "Saric,Iv"]
[Black "Oreskovic,P"]
[Result "1-0"]
[WhiteElo "2273"]
[BlackElo "2085"]

1.e4 c5 2.Nf3 d6 3.d4 cxd4 4.Nxd4 a6 5.Nc3 Nf6 6.Be3 e5 7.Nb3 Be6 8.f3 Be7
9.Qd2 b5 10.O-O-O Nc6 11.g4 Na5 12.g5 Nd7 13.Nd5 Nc4 14.Bxc4 bxc4 15.Na5 Bxd5
16.Qxd5 O-O 17.Nc6 Qe8 18.Nxe7+ Qxe7 19.Qxd6 Qxd6 20.Rxd6 Nb8 21.Rhd1 a5
22.R1d5 f6 23.gxf6 Rxf6 24.Rxf6 gxf6 25.Rd8+ Kf7 26.Bc5 Ke6 27.Bd6  1-0

[Event "12th Metalis Open"]
[Site "Bizovac CRO"]
[Date "2005.02.25"]
[Round "4"]
[White "Jurkovic,A"]
[Black "Markovic,Dr3"]
[Result "1-0"]
[WhiteElo "2331"]
[BlackElo "2165"]

1.e4 c5 2.Nf3 d6 3.d4 cxd4 4.Nxd4 Nf6 5.Nc3 a6 6.Be3 e5 7.Nb3 Be6 8.Qd2 Be7
9.O-O-O Nbd7 10.f3 Qc7 11.g4 b5 12.Kb1 b4 13.Ne2 a5 14.Ng3 Nb6 15.Nf5 Bxf5
16.gxf5 a4 17.Nc1 Nc4 18.Bxc4 Qxc4 19.b3 Qb5 20.Rhg1 axb3 21.cxb3 g6 22.Bh6 Rg8
23.Bg5 Ra6 24.Bxf6 Bxf6 25.Nd3 Rb6 26.Nb2 Be7 27.Nc4 Ra6 28.Qh6 Kd7 29.Rd5 Qb8
30.Qxh7 f6 31.Qf7 Qf8 32.Qe6+ Kc7 33.fxg6 Rg7 34.Ne3 Qa8 35.Rd2 Qa7 36.Rc1+ Rc6
37.Nd5+ Kb7 38.Qd7+  1-0

[Event "ch-RUS u20"]
[Site "Nojabrsk RUS"]
[Date "2005.03.03"]
[Round "2"]
[White "Kuznetsov,Vi2"]
[Black "Nepomniachtchi,I"]
[Result "0-1"]
[WhiteElo "2416"]
[BlackElo "2483"]

1.e4 c5 2.Nf3 d6 3.d4 cxd4 4.Nxd4 Nf6 5.Nc3 a6 6.Be3 e5 7.Nb3 Be6 8.f3 Be7
9.Qd2 O-O 10.O-O-O Nbd7 11.g4 Nb6 12.h4 Nfd7 13.Qf2 Qc7 14.Kb1 Rfc8 15.Nd5 Bxd5
16.exd5 a5 17.Rd3 a4 18.Nc1 Nc5 19.Rd2 a3 20.b3 Nca4 21.c4 Nc3+ 22.Ka1 Ncxd5
23.Bd3 Nxe3 24.Qxe3 d5 25.Bf5 Bc5 26.Qe2 Rd8 27.Rc2 dxc4 28.bxc4 Bd4+ 29.Kb1 Na4
30.Qe1 Qb6+  0-1